Defunct or Rebranded NBA Teams - Statistics

General Stats
  • This quiz has been taken 47 times
  • The average score is 7 of 18
Answer Stats
Hint Answer % Correct
Now Play in Memphis Vancouver Grizzlies
74%
Now play in Salt Lake City New Orleans Jazz
68%
Second Version of the Washington Wizards Washington Bullets
65%
Now play in New York City New Jersey Nets
62%
Now Play in LA Minneapolis Lakers
59%
First Version of the Washington Wizards Baltimore Bullets
53%
Now the Pelicans New Orleans Hornets
53%
Third Version of the Sacramento Kings Kansas City Royals
50%
First Version of the Sacramento Kings Rochester Royals
47%
Now play in Detroit Fort Wayne Pistons
38%
Second Version of the Golden State Warriors San Francisco Warriors
38%
Now play in Inglewood Buffalo Braves
35%
Played in Chicago Chicago Stags
35%
Now play in Philidelphia Syracuse Nationals
29%
Third Version of the Golden State Warriors Oakland Warriors
21%
Second Version of the Sacramento Kings Cincinatti Royals
12%
First Version of the Golden State Warriors Philidelphia Warriors
9%
Played in St. Louis St. Lious Bombers
0%
No matching quizzes found
Score Distribution
Percent of People with Each Score
Percentile by Number Answered
Your Score History
You have not taken this quiz